| 000 | 00579nam a2200217 4500 | ||
|---|---|---|---|
| 003 | LK-CoMWRAF | ||
| 005 | 20231206134215.0 | ||
| 008 | 230924b1996 |||||||| |||| 00| 0 eng d | ||
| 020 | _a8175540079 | ||
| 040 |
_aLK-CoMWRAF _dLK-CoMWRAF _eLK-CoMWRAF |
||
| 041 | _aeng | ||
| 082 |
_a658.385 _bRED |
||
| 100 | _aRedman, Warren | ||
| 245 | _aCounselling your staff | ||
| 260 |
_aNew Delhi: _bKogan page, _c1996 |
||
| 300 |
_a112 p. _bBibliography included |
||
| 490 | _aBetter management skills | ||
| 650 | _aCOUNSELLING | ||
| 650 | _aCommunication in management | ||
| 942 | _cBK | ||
| 999 |
_c3648 _d3648 |
||